000 00484ntaaa2200181 4500
003 01
005 20251027202854.0
008 0714s1973 ag 01
040 _aAR-BaBN
_bspa
_cAR-BaBN
_eaacr
_dRIC
082 _a269.1000 L58
100 _aLewis, Ricardo W
_929247
245 _aGuía para ganadores de almas para "Este Camino"
250 _a1 ed.
260 _aEl Paso :
_bCasa Bautista de Publicaciones,
_c1920, 1965
300 _a80 p
650 _aevangelismo
_9336
942 _cBK
999 _c24086
_d24086